000 00603nam a22001937a 4500
003 BUBTL
008 191112b xxu||||| |||| 00| 0 eng d
020 _a978-81-203-4003-9
082 _a005.74 / KRD
100 _92456
_aKroenke, David M.
245 _aDatabase processing :
_b fundamentals, design, implementation /
_cDavid M. Kroenke
260 _aNew Delhi :
_bPHI Learning Private Limited
_cc2010.
300 _axxix,607 p. :
_bill. ;
_c28 cm.
650 0 _926
_aLaw
700 _92457
_aAuer, David J.
856 _k0
_l0
_yDownload
942 _2ddc
_cBK
999 _c6152
_d6152